000 00704nam a2200241 a 4500
001 2587142
005 20180104072312.0
008 960511r19961996mauab b 001 0 eng
010 _a 96147501
020 _a0669415901
040 _aDLC
_cDLC
_dDLC
041 _aeng
043 _an-us---
080 _a973.9 BOY
082 0 0 _a973.9 BOY
_220
100 _a16
101 _aHIS
245 0 4 _aThe enduring vision :
_cPaul S. Boyer ... [et al.].
504 _aIncludes bibliographical references and index.
906 _a7
_bcbc
_corignew
_d2
_encip
_f19
_gy-gencatlg
942 _2ddc
_cBK
999 _c39717
_d39717